| 000 | 00926nam a2200265Ia 4500 | ||
|---|---|---|---|
| 003 | OSt | ||
| 005 | 20221005104811.0 | ||
| 006 | a|||||r|||| 00| 0 | ||
| 007 | ta | ||
| 008 | 221004b |||||||| |||| 00| 0 hin d | ||
| 020 |
_a9788189918234 (hbk) _cINR 450.00 |
||
| 024 | _a29601 | ||
| 037 |
_b279, 03/03/2017, Eastern Book Linkers _cTextual |
||
| 040 |
_aCRL _cCRL _bhin |
||
| 041 |
_2hin _ahin |
||
| 082 | _aO152,6N55x, Q2 | ||
| 100 | _aतिवारी, अजय | ||
| 245 | 0 | _aव्यवस्था का आत्मसंघर्ष | |
| 246 | _aVyavasthā kā ātmasangharṣha | ||
| 260 |
_aदिल्ली _bशिल्पायन भारत _c2012 |
||
| 300 |
_a280पृ0 _ccm. |
||
| 650 | _aहिन्दी निबंध | ||
| 942 |
_hO152,6N55x, Q2 _cTEXL _2cc |
||
| 999 |
_c1013834 _d1013834 |
||